01127cam a22003254a 450000100090000000300040000900500170001300800410003001000170007102000220008803800120011004000180012204200080014005000210014808200190016910000290018824500710021725000120028826000510030030000350035150000940038650400640048056300070054465000210055170000540057290600450062694200120067199900170068395201010070013076272OSt20211210112913.0030131s2004 nyua b 001 0 eng  a 2003042609 a1401804691 (core) akhadija aDLCcDLCdDLC apcc00aTP1120b.L6 200400a668.4221bLOK1 aLokensgard, Erik.98634610aIndustrial plastics :btheory and applications /cErik Lokensgard. a4th ed. aAlbany, NY :bThomson Delmar Learning,cc2004. axvii, 528 p. :bill. ;c28 cm. aFirst-2nd ed. by Terry L. Richardson; 3rd ed. by Terry L. Richardson and Erik Lokensgard. aIncludes bibliographical references (p. 517-519) and index. aPB 0aPlastics.9863471 aRichardson, Terry L.tIndustrial plastics.986348 a7bcbccorignewd1eocipf20gy-gencatlg 2ddccBK c32384d32384 00102ddc4070aSMMEbSMMEcGENd2015-08-28o668.4 LOKpSMME-1225r2017-01-20w2015-08-28yBK